By love compelled : (Record no. 46366)
[ view plain ]
| 000 -LEADER | |
|---|---|
| fixed length control field | 00700cam a2200241Ia 4500 |
| 001 - CONTROL NUMBER | |
| control field | 7435431 |
| 003 - CONTROL NUMBER IDENTIFIER | |
| control field | SIRSI |
| 005 - DATE AND TIME OF LATEST TRANSACTION | |
| control field | 20190508104305.0 |
| 008 - FIXED-LENGTH DATA ELEMENTS--GENERAL INFORMATION | |
| fixed length control field | 810520s1936 enk 000 0 eng d |
| 010 ## - LIBRARY OF CONGRESS CONTROL NUMBER | |
| LC control number | 37008918 |
| -- | ABP-6934 |
| 035 ## - SYSTEM CONTROL NUMBER | |
| System control number | (Sirsi) o07435431 |
| 035 ## - SYSTEM CONTROL NUMBER | |
| System control number | (Sirsi) 01-ABB-8068 |
| 036 ## - ORIGINAL STUDY NUMBER FOR COMPUTER DATA FILES | |
| Original study number | u271519 |
| 040 ## - CATALOGING SOURCE | |
| Original cataloging agency | MOG |
| Transcribing agency | MOG |
| 050 ## - LIBRARY OF CONGRESS CALL NUMBER | |
| Classification number | BV3415 |
| Item number | .B738 |
| 100 1# - MAIN ENTRY--PERSONAL NAME | |
| Personal name | Broomhall, Marshall, |
| Dates associated with a name | 1866-1937. |
| 245 10 - TITLE STATEMENT | |
| Title | By love compelled : |
| Remainder of title | the call of the China Inland Mission / |
| Statement of responsibility, etc | by Marshall Broomhall. |
| 260 ## - PUBLICATION, DISTRIBUTION, ETC. (IMPRINT) | |
| Place of publication, distribution, etc | London : |
| Name of publisher, distributor, etc | Hodder and Stoughton, |
| Date of publication, distribution, etc | 1936. |
| 300 ## - PHYSICAL DESCRIPTION | |
| Extent | 126 p. ; |
| Dimensions | 19 cm. |
| 610 20 - SUBJECT ADDED ENTRY--CORPORATE NAME | |
| Corporate name or jurisdiction name as entry element | China Inland Mission. |
| 650 #0 - SUBJECT ADDED ENTRY--TOPICAL TERM | |
| Topical term or geographic name as entry element | Missions |
| Geographic subdivision | China. |
| 945 ## - LOCAL PROCESSING INFORMATION (OCLC) | |
| a | BV3415 .B738 |
No items available.
